| 000 | 00491nam a22001937a 4500 | ||
|---|---|---|---|
| 005 | 20230403100616.0 | ||
| 008 | 230403b ||||| |||| 00| 0 eng d | ||
| 020 | _a9789382056850 | ||
| 040 |
_aIN-DiNC _cIN-DiNC |
||
| 041 | _deng | ||
| 082 |
_a363.7 _bMAC |
||
| 100 |
_aMachey Ashwini _eauthor |
||
| 245 |
_aEnvironmental Science _cAshwini Machey |
||
| 250 | _a1st ed. | ||
| 260 |
_aDibrugarh _bBanalata _c2019 |
||
| 300 | _a114p. | ||
| 700 |
_aArnav Hazarika _eauthor |
||
| 942 |
_2ddc _cBK |
||
| 999 |
_c11517 _d11517 |
||